000 00278nam a2200109Ia 4500
008 200302s9999 xx 000 0 und d
100 _aBryan L. Peterson
245 _aUsing Design Basics to Get Creative Results
260 _bHow Design Books
260 _c1996
300 _a142 P.,
999 _c1837
_d1837